| 000 | 00825cam a22002773a 4500 | ||
|---|---|---|---|
| 001 | 19057 | ||
| 003 | PGUSA | ||
| 005 | 20140828083414.0 | ||
| 008 | 060816s2006||||xxu|||||s|||||000 1 eng d | ||
| 040 |
_aPGUSA _beng |
||
| 042 | _adc | ||
| 050 | 4 | _aPZ | |
| 100 | 1 |
_aAbbott, Jane, _d1881- |
|
| 245 | 1 | 0 |
_aRed-Robin _h[electronic resource] / _cJane Abbott |
| 260 |
_bProject Gutenberg, _c2006 |
||
| 506 | _aPublic domain in the USA. | ||
| 516 | _aElectronic text | ||
| 653 | _aFriendship -- Juvenile fiction | ||
| 653 | _aFamily -- Juvenile fiction | ||
| 653 | _aInheritance and succession -- Juvenile fiction | ||
| 653 | _aPoor children -- Juvenile fiction | ||
| 700 | 1 |
_aRichards, Harriet Roosevelt, _d-1932 |
|
| 830 | 0 |
_aProject Gutenberg _v19057 |
|
| 856 | 4 | 0 | _uhttp://www.gutenberg.org/ebooks/19057 |
| 942 | _cEB | ||
| 999 |
_c248312 _d248312 |
||